书目信息 |
| 题名: |
结构抗震基本知识(第二版)
|
|
| 作者: | 张述勇 编 | |
| 分册: | ||
| 出版信息: | 北京 清华大学出版社 1997.04 |
|
| 页数: | 238页 | |
| 开本: | 32开 | |
| 丛书名: | ||
| 单 册: | ||
| 中图分类: | TU352.11 | |
| 科图分类: | ||
| 主题词: | 建筑结构--特殊形式 | |
| 电子资源: | ||
| ISBN: | 7-302-02477-4 | |
| 000 | 00589nam0 2200193 45 | |
| 001 | 0003171474 | |
| 005 | 20000626171417.8 | |
| 010 | @a7-302-02477-4@d8.00元 | |
| 100 | @a20000317d1997 km y0chiy0120 ea | |
| 101 | @achi | |
| 105 | @a z 000yy | |
| 200 | 1 | @a结构抗震基本知识(第二版)@AJie Gou Kang Zhen Ji Ben Zhi Shi(Di Er Ban)@f张述勇编@FZhang Shu Yong Bian |
| 210 | @a北京@c清华大学出版社@d1997.04 | |
| 215 | @a238页@d32开 | |
| 606 | 0 | @a建筑结构@x特殊形式 |
| 690 | @aTU352.11@v3 | |
| 701 | @a张述勇@4编 | |
| 801 | @aCN@bPftUser@c20000317 | |
| 905 | @dTU352.11@eZH925@b60327-346@f20 | |
| 结构抗震基本知识(第二版)/张述勇编.-北京:清华大学出版社,1997.04 |
| 238页;32开 |
| ISBN 7-302-02477-4:8.00元 |
| ● |
| 相关链接 |
|
|
|
正题名:结构抗震基本知识(第二版)
索取号:TU352.11/ZH925
 
预约/预借
| 序号 | 登录号 | 条形码 | 馆藏地/架位号 | 状态 | 备注 |
| 1 | 60327 | 200603276 | 土木与交通工程学院资料室/土木与交通学院资料室 1排1列1层/ [索取号:TU352.11/ZH925] | 在馆 | |
| 2 | 60328 | 200603285 | 土木与交通工程学院资料室/土木与交通学院资料室 1排1列1层/ [索取号:TU352.11/ZH925] | 在馆 | |
| 3 | 60329 | 200603294 | 土木与交通工程学院资料室/土木与交通学院资料室 1排1列1层/ [索取号:TU352.11/ZH925] | 在馆 | |
| 4 | 60330 | 200603301 | 土木与交通工程学院资料室/土木与交通学院资料室 1排1列1层/ [索取号:TU352.11/ZH925] | 在馆 | |
| 5 | 60331 | 200603310 | 土木与交通工程学院资料室/土木与交通学院资料室 1排1列1层/ [索取号:TU352.11/ZH925] | 在馆 | |
| 6 | 60332 | 200603329 | 土木与交通工程学院资料室/土木与交通学院资料室 1排1列1层/ [索取号:TU352.11/ZH925] | 在馆 | |
| 7 | 60333 | 200603338 | 建筑库101/101建筑库 83排2列5层/ [索取号:TU352.11/ZH925] | 在馆 | |
| 8 | 60334 | 200603347 | 自科二线404/404自科库 27排5列1层/ [索取号:TU352.11/ZH925] | 在馆 | |
| 9 | 60335 | 200603356 | 土木与交通工程学院资料室/土木与交通学院资料室 1排1列1层/ [索取号:TU352.11/ZH925] | 在馆 | |
| 10 | 60336 | 200603365 | 土木与交通工程学院资料室/土木与交通学院资料室 1排1列1层/ [索取号:TU352.11/ZH925] | 在馆 | |
| 11 | 60337 | 200603374 | 自科二线404/404自科库 27排5列3层/ [索取号:TU352.11/ZH925] | 在馆 | |
| 12 | 60338 | 200603383 | 自科二线404/404自科库 27排5列3层/ [索取号:TU352.11/ZH925] | 在馆 | |
| 13 | 60339 | 200603392 | 土木与交通工程学院资料室/土木与交通学院资料室 1排1列1层/ [索取号:TU352.11/ZH925] | 在馆 | |
| 14 | 60340 | 200603409 | 土木与交通工程学院资料室/土木与交通学院资料室 1排1列1层/ [索取号:TU352.11/ZH925] | 在馆 | |
| 15 | 60341 | 200603418 | 自科二线404/404自科库 27排5列3层/ [索取号:TU352.11/ZH925] | 在馆 | |
| 16 | 60342 | 200603427 | 自科二线404/404自科库 27排5列1层/ [索取号:TU352.11/ZH925] | 在馆 | |
| 17 | 60343 | 200603436 | 土木与交通工程学院资料室/土木与交通学院资料室 1排1列1层/ [索取号:TU352.11/ZH925] | 在馆 | |
| 18 | 60344 | 200603445 | 土木与交通工程学院资料室/土木与交通学院资料室 1排1列1层/ [索取号:TU352.11/ZH925] | 在馆 | |
| 19 | 60345 | 200603454 | 建筑库101/101建筑库 83排1列1层/ [索取号:TU352.11/ZH925] | 在馆 | |
| 20 | 60346 | 200603463 | 土木与交通工程学院资料室/土木与交通学院资料室 1排1列1层/ [索取号:TU352.11/ZH925] | 在馆 |